| 000 | 00413cam a2200181ua 4500 | ||
|---|---|---|---|
| 020 | _c3.00 | ||
| 041 |
_ahin _h |
||
| 082 |
_a891.54 _bMOH/EK |
||
| 100 | _aMohan, Rakesh . | ||
| 245 |
_aEk aur zindagi / _cMohan Rakesh. _hTextual Documents |
||
| 250 |
_a1 / _b. |
||
| 260 |
_a : _bRajpal and Sanch , _c1961. |
||
| 300 | _a200 ; . | ||
| 365 | _a3.00 | ||
| 504 | _a | ||
| 942 | _cBK | ||
| 999 |
_c7986 _d7986 |
||